<?xml version="1.0" encoding="UTF-8"?>
<collection xmlns="http://www.loc.gov/MARC21/slim">
 <record>
  <leader>01364nam a22003014a 4500</leader>
  <controlfield tag="001">1/52389</controlfield>
  <controlfield tag="008">060221s2005    io ab        f100 0 eng d</controlfield>
  <datafield tag="010" ind1=" " ind2=" ">
   <subfield code="a">  2006378430</subfield>
  </datafield>
  <datafield tag="020" ind1=" " ind2=" ">
   <subfield code="a">9798926242</subfield>
  </datafield>
  <datafield tag="035" ind1=" " ind2=" ">
   <subfield code="a">(OCoLC)ocm61669245</subfield>
  </datafield>
  <datafield tag="035" ind1=" " ind2=" ">
   <subfield code="a">(WU)7182834-uwmadisondb</subfield>
  </datafield>
  <datafield tag="035" ind1=" " ind2=" ">
   <subfield code="a">(EXLNZ-01UWI_NETWORK)9910025290302121</subfield>
  </datafield>
  <datafield tag="040" ind1=" " ind2=" ">
   <subfield code="a">ELW</subfield>
   <subfield code="b">eng</subfield>
   <subfield code="c">ELW</subfield>
   <subfield code="d">DLC</subfield>
   <subfield code="d">BTCTA</subfield>
  </datafield>
  <datafield tag="042" ind1=" " ind2=" ">
   <subfield code="a">lccopycat</subfield>
  </datafield>
  <datafield tag="043" ind1=" " ind2=" ">
   <subfield code="a">a------</subfield>
   <subfield code="a">f------</subfield>
  </datafield>
  <datafield tag="050" ind1="0" ind2="0">
   <subfield code="a">DS35.2</subfield>
   <subfield code="b">.A785 2005</subfield>
  </datafield>
  <datafield tag="245" ind1="0" ind2="0">
   <subfield code="a">Asia, Africa :</subfield>
   <subfield code="b">Africa, Asia : Bandung, towards the first century /</subfield>
   <subfield code="c">foreword by Susilo Bambang Yudhoyono ; with messages from Thabo Mbeki, Kofi Annan ; [authors, N. Hassan Wirajuda ... and others].</subfield>
  </datafield>
  <datafield tag="246" ind1="3" ind2="0">
   <subfield code="a">Bandung, towards the first century</subfield>
  </datafield>
  <datafield tag="246" ind1="1" ind2="8">
   <subfield code="a">Asia, Africa, towards the first century</subfield>
  </datafield>
  <datafield tag="250" ind1=" " ind2=" ">
   <subfield code="a">First edition.</subfield>
  </datafield>
  <datafield tag="260" ind1=" " ind2="1">
   <subfield code="a">Jakarta, Indonesia :</subfield>
   <subfield code="b">Dept. of Foreign Affairs, Republic of Indonesia,</subfield>
   <subfield code="c">2005.</subfield>
  </datafield>
  <datafield tag="300" ind1=" " ind2=" ">
   <subfield code="a">225 pages :</subfield>
   <subfield code="b">illustrations (chiefly color), color maps ;</subfield>
   <subfield code="c">31 cm</subfield>
  </datafield>
  <datafield tag="611" ind1="2" ind2="0">
   <subfield code="a">Asian-African Conference</subfield>
   <subfield code="n">(1st :</subfield>
   <subfield code="d">1955 :</subfield>
   <subfield code="c">Bandung, Indonesia)</subfield>
  </datafield>
  <datafield tag="611" ind1="2" ind2="0">
   <subfield code="a">Asian-African Summit</subfield>
   <subfield code="d">(2005 :</subfield>
   <subfield code="c">Jakarta, Indonesia)</subfield>
  </datafield>
  <datafield tag="650" ind1=" " ind2="0">
   <subfield code="a">Afro-Asian politics.</subfield>
  </datafield>
  <datafield tag="583" ind1="1" ind2=" ">
   <subfield code="a">committed to retain</subfield>
   <subfield code="c"> 20170930</subfield>
   <subfield code="d"> 20421231</subfield>
   <subfield code="f"> HathiTrust</subfield>
   <subfield code="u"> https://www.hathitrust.org/shared_print_program</subfield>
   <subfield code="x"> DO NOT WITHDRAW.  Notify SPSG if lost or damaged.</subfield>
  </datafield>
  <datafield tag="700" ind1="1" ind2=" ">
   <subfield code="a">Wirajuda, Noer Hassan.</subfield>
  </datafield>
  <datafield tag="960" ind1=" " ind2=" ">
   <subfield code="a">GEORGE</subfield>
  </datafield>
 </record>
</collection>
